000
00259nam a22001097a 4500
082
_a
621.380283 ANT'J
100
_a
JASIK, HENRY
_9
75503
245
_a
ANTENNA ENGINEERING HANDBOOK
260
_a
NEWYORK
_b
MCGRAW HILL
_c
1961
300
_a
XX,33-31P
942
_c
BK
999
_c
580905
_d
580905